My Gopro Hero5 camera / (Record no. 171848)

MARC details
000 -LEADER
fixed length control field 00904cam a2200265 i 4500
001 - CONTROL NUMBER
control field 19539762
003 - CONTROL NUMBER IDENTIFIER
control field OSt
005 - DATE AND TIME OF LATEST TRANSACTION
control field 20250609090923.0
008 - FIXED-LENGTH DATA ELEMENTS--GENERAL INFORMATION
fixed length control field 170303s2017 inua b 001 0 eng
020 ## - INTERNATIONAL STANDARD BOOK NUMBER
International Standard Book Number 9780789758309 (pbk. : alk. paper)
040 ## - CATALOGING SOURCE
Original cataloging agency DLC
Language of cataloging eng
Description conventions rda
Transcribing agency NUST
Modifying agency NUST
050 00 - LIBRARY OF CONGRESS CALL NUMBER
Classification number TR263 RIC
100 1# - MAIN ENTRY--PERSONAL NAME
Personal name Rich, Jason,
Relator term author.
245 10 - TITLE STATEMENT
Title My Gopro Hero5 camera /
Statement of responsibility, etc. Jason R. Rich.
250 ## - EDITION STATEMENT
Edition statement Second edition.
260 ## - PUBLICATION, DISTRIBUTION, ETC.
Place of publication, distribution, etc. United States of America,
Name of publisher, distributor, etc. QUE
Date of publication, distribution, etc. ©2017
300 ## - PHYSICAL DESCRIPTION
Extent xvi, 416 pages :
Other physical details color illustrations ;
Dimensions 23 cm
336 ## - CONTENT TYPE
Content type term text
Content type code txt
Source rdacontent
337 ## - MEDIA TYPE
Media type term unmediated
Media type code n
Source rdamedia
338 ## - CARRIER TYPE
Carrier type term volume
Carrier type code nc
Source rdacarrier
504 ## - BIBLIOGRAPHY, ETC. NOTE
Bibliography, etc. note [Webliography] and index.
650 #0 - SUBJECT ADDED ENTRY--TOPICAL TERM
Topical term or geographic name entry element High definition video recording
Form subdivision Amateurs' manuals.
650 #0 - SUBJECT ADDED ENTRY--TOPICAL TERM
Topical term or geographic name entry element Digital cinematography
Form subdivision Amateurs' manuals.
942 ## - ADDED ENTRY ELEMENTS (KOHA)
Source of classification or shelving scheme Library of Congress Classification
Suppress in OPAC No
Koha item type Ordinary Loan Books
Edition Second Edition
Classification part TR263.RIC
Call number prefix TR
Call number suffix RIC
Holdings
Withdrawn status Lost status Source of classification or shelving scheme Damaged status Not for loan Collection Home library Current library Shelving location Date acquired Source of acquisition Cost, normal purchase price Total Checkouts Full call number Barcode Date last seen Accession number Cost, replacement price Price effective from Koha item type Public note
    LCC     NFIC MAIN MAIN GEN 05/28/2025 Book Aid International 12.00   TR263 RIC 92004056541 05/28/2025 62784 12.00 05/28/2025 BOOKS Donation
    LCC     NFIC MAIN MAIN GEN 05/28/2025 Book Aid International 12.00   TR263 RIC 92004055959 05/28/2025 62783 12.00 05/28/2025 BOOKS Donation